Loading...
| Fine Arts - Classical Music | 0 | 9 | 0 | 1 | 90 | 20 | 50.89 | 5 | 8 | 47.82 | 75.18 |
| Literature - American | 0 | 6 | 0 | 0 | 60 | 52 | 75.67 | 1 | 4 | 20.42 | 38.57 |
| Social Science | 0 | 6 | 0 | 1 | 60 | 26 | 64.50 | 2 | 4 | 32.82 | 56.63 |
| Science - Other | 0 | 7 | 2 | 2 | 60 | 29 | 53.71 | 1 | 4 | 34.59 | 43.39 |
| Literature - World | 0 | 6 | 1 | 0 | 55 | 42 | 63.67 | 1 | 5 | 26.68 | 47.32 |
| Science - Biology | 0 | 6 | 1 | 2 | 55 | 68 | 79.67 | 0 | 1 | 10.65 | 24.64 |
| Literature - European | 0 | 6 | 2 | 1 | 50 | 38 | 70.17 | 4 | 5 | 24.26 | 46.25 |
| Fine Arts - Other | 0 | 6 | 2 | 0 | 50 | 37 | 74.83 | 2 | 4 | 19.20 | 34.64 |
| History - World | 0 | 5 | 0 | 1 | 50 | 79 | 95.20 | 0 | 0 | 5.11 | 15.54 |
| Painting/Sculpture | 0 | 6 | 2 | 0 | 50 | 28 | 55.67 | 2 | 5 | 29.78 | 49.82 |
| Science - Physics | 0 | 6 | 3 | 0 | 45 | 26 | 39.00 | 3 | 5 | 37.11 | 48.75 |
| Mythology | 0 | 5 | 1 | 0 | 45 | 40 | 55.20 | 1 | 4 | 25.97 | 36.96 |
| Science - Chemistry | 0 | 5 | 2 | 0 | 40 | 32 | 63.60 | 0 | 3 | 18.39 | 28.93 |
| Philosophy | 0 | 4 | 1 | 0 | 35 | 57 | 84.50 | 1 | 3 | 11.51 | 35.71 |
| History - American | 0 | 3 | 0 | 1 | 30 | 69 | 89.67 | 0 | 1 | 5.04 | 11.25 |
| History - European | 0 | 3 | 1 | 0 | 25 | 47 | 58.67 | 0 | 2 | 12.77 | 19.64 |
| Geography | 0 | 3 | 2 | 0 | 20 | 47 | 70.00 | 1 | 2 | 23.63 | 40.00 |
| History - Other | 0 | 2 | 0 | 0 | 20 | 49 | 73.50 | 0 | 0 | 6.37 | 5.00 |
| Literature - British | 0 | 3 | 2 | 0 | 20 | 84 | 94.67 | 1 | 1 | 5.88 | 19.11 |
| Religion | 0 | 2 | 3 | 0 | 5 | 54 | 54.50 | 1 | 1 | 10.26 | 13.04 |
| Current Events | 0 | 1 | 1 | 0 | 5 | 54 | 54.00 | 0 | 0 | 8.48 | 2.08 |